000 00300nam a2200097Ia 4500
008 240331s9999 xx 000 0 und d
082 _bHum
100 _aSri lanka foundation
245 0 _aHuman rights and religions in Sri Lanka :
_ba contemporary on the universal declaration of human rights
942 _cL
999 _c2481
_d2481